Catálogo académico.
Guardado en:
| Autor Corporativo: | |
|---|---|
| Formato: | Libro |
| Idioma: | Spanish |
| Publicado: |
Bahía Blanca :
UNS,
1971-
|
| Etiquetas: |
Agregar Etiqueta
Sin Etiquetas, Sea el primero en etiquetar este registro!
|
| LEADER | 00594nam a22001575a 4500 | ||
|---|---|---|---|
| 001 | EEA.libagro005132 | ||
| 005 | 20181003130010.0 | ||
| 008 | 130809m19719999ag#a##########000#0#spa#d | ||
| 082 | 0 | 4 | |a 378.82 |
| 110 | 2 | |a Universidad Nacional del Sur. |b Secretaría de Extensión Universitaria. | |
| 245 | 1 | 0 | |a Catálogo académico. |
| 260 | |a Bahía Blanca : |b UNS, |c 1971- | ||
| 300 | |a v. : |b il. ; |c 22 cm. | ||
| 500 | |a La biblioteca posee: 1970-71 y 1972-73. | ||
| 859 | |a AR-BbBCA |b BIB. AGRONOMIA |h R378.82 |i B151 |p 1995/2403 |v 1970-71 |3 1970-71 | ||
| 859 | |a AR-BbBCA |b BIB. AGRONOMIA |h R378.82 |i B151 |p 1995/2404 |v 1972-73 |3 1972-73 | ||
